000 00447nam a22001577a 4500
001 T027600013129
008 181111b xve|||||r|||| 00| | esp d
099 _aF-312
_b
100 _aInstituto de Creatividad y Comunicación
245 _aIcrea. Escritura creativa, arte, literatura, historia, pensamiento y cultura, producciones audiovisuales
260 _a1991
300 _app.8
500 _aImpreso
650 _aEspaƱol
942 _cLIB
999 _c12090
_d12090